00621nam a22002177a 450000500170000001000130001702000230003003500130005303700160006604000120008208200130009410000180010724500730012524600060019826000430020427000370024730000250028450000500030965000200035965000240037920170124105916.0 aA-822358 c490.00a8172245106 aA-822358 bCen Lib/Ret aDPLbEN a023bJOR aJordan, Peter aStaff management in library and information work /cby Peter Jordan  b  bJaico Publishing House c1996aBombay  bBombay a121, M. G. Roade400023 axii, 264p.c24cm(Hb) aincludes bibliographical references and index aLibrary Science aStaff Appraisal x